00514nam a2200157 4500001000700000003000900007005001700016007000300033008004100036100002500077245013300102260003100235300002200266700003600288852003200324120128ES-MaACL20230906191454.0t|070214s1973 sp r ||||1| spa d1 aPérez Vera, Elisa.10aNaciones Unidas y los principios de coexistencia pacífica / cElisa Pérez Vera ; prólogo de Juan Antonio Carrillo Salcedo. aMadrid : bTecnos, c1973. a169 p. ; c24 cm.1 aCarrillo Salcedo, Juan Antonio. aES-MaACLjC-53293 bR.86206